Normale Ansicht
MARC-Ansicht
Eintrag Kongressname
001 - Kontrollnummer
- Kontrollfeld: 58587
003 - Kontrollnummer Identifier
- Kontrollfeld: RU-10907106
005 - Datum und Zeit der letzten Transaktion
- Kontrollfeld: 20231205172102.0
008 - Datenelemente mit fester Länge
- Kontrollfeld mit fester Länge: 231205|| aca||aabn | a|a d
040 ## - Katalogisierungsquelle
- Original-Katalogisierungsstelle: RU-10907106
- Übertragungsstelle: RU-10907106
111 ## - Ansetzung - Kongressname
- Kongress- oder Gebietskörperschaftsname als Eintragungselement: Lichudovskie Čtenija
- Zählung eines Teils/einer Abteilung/eines Kongresses: 2
- Datum des Kongresses: 2004
- Ort des Kongresses: Nowgorod
670 ## - Datenquelle
- Quellenangabe: Work cat.: (RU-10907106)69903: 880-02 Lichudovskie Čtenija 2 2004 Nowgorod Verfasser (DE-588)1038248485 aut, Lichudovskie Čtenija